[Event "Mittelrhein Verbandsliga West 1920"]
[Site "Mittelrhein"]
[Date "2019.12.08"]
[Round "4.8"]
[White "Zisimou, Dimitrios"]
[Black "Offermanns, Robert"]
[Result "1/2-1/2"]
[WhiteElo "1761"]
[BlackElo "1725"]
[PlyCount "85"]
[EventDate "2019.09.29"]
[EventType "team-tourn"]
[EventRounds "9"]
[EventCountry "GER"]
[SourceTitle "EXT 2023"]
[Source "ChessBase"]
[SourceDate "2022.10.05"]
[SourceVersion "1"]
[SourceVersionDate "2022.10.05"]
[SourceQuality "1"]
[WhiteTeam "Lendersdorf"]
[BlackTeam "Brand SF"]
[WhiteTeamCountry "GER"]
[BlackTeamCountry "GER"]

1. d4 g6 2. c4 Bg7 3. Nc3 d6 4. Nf3 Nf6 5. Bg5 h6 6. Bh4 Bg4 7. e3 g5 8. Bg3 Nh5 9. Be2 Nxg3 10. hxg3 Na6 11. Qb3 Qc8 12. Rd1 c5 13. a3 Nc7 14. 0-0 0-0 15. Rfe1 b6 16. Rd2 Rb8 17. Qa2 Re8 18. Bd1 Bd7 19. Bb3 Bc6 20. d5 Bd7 21. e4 b5 22. cxb5 Bxb5 23. Nxb5 Nxb5 24. Ba4 a6 25. Qc4 Rd8 26. Bc2 Nd4 27. Nxd4 Bxd4 28. b3 a5 29. Qd3 Bg7 30. Rde2 e5 31. dxe6 Qxe6 32. Qd2 Qe5 33. Qd3 Rdc8 34. Qc4 Rb6 35. Rd1 Qe6 36. Rd5 Be5 37. Re3 g4 38. Red3 Kg7 39. Rd1 Qf6 40. Qe2 h5 41. Qc4 Re8 42. Qa4 Ra8 43. Qc4 1/2-1/2